000 00535nam a2200181Ia 4500
003 IN-BaIIA
008 211028s9999 xx 000 0 eng d
040 _cIIA Library
080 _a533.5
_bHAN-3
245 0 _aHandbook of vacuum physics
_bvol. 3, technology
_cedited by Beck A. H.
260 _aNew York
_bMacmillan
_c1964
300 _aviii, 191p.
650 _aNASA thesaurus
650 _aVacuum
_92392
650 _aVacuum gases
_94554
700 _aBeck, A. H .,ed.
_96121
942 _cBK
999 _c3458
_d3458